000
00201 a2200097 4500
001
48017
100
_a
Thanvi
245
_a
Heavenly Ornaments
260
_a
Lahore
_b
Al kitab
_c
090
_c
31006
_d
31006
942
_a
NUST-CAE
_c
M
_c
23344
999
_c
283090
_d
283090